[Event "Åpent Hordalandsmesterskap NGP"]
[Site "Bergen"]
[Date "2013.05.31"]
[Round "4"]
[White "Kyrkjebø, Erlend"]
[Black "Bue, Gunnar"]
[Result "1-0"]
[WhiteElo "2020"]
[BlackElo "1478"]
[PlyCount "43"]
[EventDate "2013.??.??"]

1. e4 d6 2. d4 Nf6 3. Nc3 g6 4. f3 Bg7 5. Be3 c6 6. Qd2 O-O 7. Bh6 Bxh6 8. Qxh6
Qb6 9. O-O-O a5 10. h4 Be6 11. h5 Nxh5 12. g4 Nf6 13. e5 Rd8 14. exf6 exf6 15.
Ne4 Nd7 16. g5 fxg5 17. Nxg5 Nf6 18. Nxh7 Nxh7 19. Qxh7+ Kf8 20. Bh3 Ke7 21.
Re1 Rh8 22. Rxe6+ 
1-0

[Event "Åpent Hordalandsmesterskap NGP"]
[Site "Bergen"]
[Date "2013.05.31"]
[Round "4"]
[White "Hølleland, Sigve"]
[Black "Nilsen, Martin"]
[Result "1-0"]
[WhiteElo "1633"]
[BlackElo "1762"]
[PlyCount "115"]
[EventDate "2013.??.??"]

1. c4 c6 2. Nc3 Nf6 3. Nf3 d5 4. d4 g6 5. Bg5 Bg7 6. e3 O-O 7. Bd3 Be6 8. cxd5
cxd5 9. Qb3 b6 10. O-O Ne4 11. Bh4 Nxc3 12. bxc3 Nc6 13. Nd2 a6 14. a4 f5 15.
Rab1 Qd7 16. Qxb6 Rfb8 17. Qc5 Rc8 18. Qa3 Bf7 19. Rb6 e5 20. Bxa6 Rxa6 21.
Rxa6 Qb7 22. Rxc6 Qxc6 23. Rb1 f4 24. Qe7 Bf8 25. Qxe5 Qxc3 26. Nf1 Qd3 27. Rb8
Qa6 28. Rxc8 Qxc8 29. exf4 Qa8 30. f5 gxf5 31. Qxf5 Qxa4 32. Qg5+ Bg7 33. Qd8+
Qe8 34. Qxe8+ Bxe8 35. Ne3 Bf7 36. Nf5 Bf8 37. Be7 Bg7 38. Bc5 Be6 39. Ne3 Bh6
40. Nc2 Bd2 41. h3 Bf5 42. Nb4 Bxb4 43. Bxb4 Kg7 44. g4 Be4 45. f4 h5 46. Kf2
Kg6 47. Kg3 Bd3 48. f5+ Kh6 49. Kf4 Bf1 50. g5+ Kg7 51. h4 Bd3 52. Bd6 Kf7 53.
g6+ Kg7 54. Kg5 Kg8 55. f6 Kh8 56. Kh6 Bc2 57. f7 Bxg6 58. Be5# 
1-0

[Event "Åpent Hordalandsmesterskap NGP"]
[Site "Bergen"]
[Date "2013.05.31"]
[Round "4"]
[White "Kyrkjebø, Hanna B"]
[Black "Lie, Terje"]
[Result "1/2-1/2"]
[WhiteElo "1567"]
[BlackElo "1383"]
[PlyCount "119"]
[EventDate "2013.??.??"]

1. e4 b6 2. d4 Bb7 3. Nc3 Nf6 4. f3 e6 5. Be3 d5 6. e5 Nfd7 7. Bd3 c5 8. Bb5 a6
9. Bxd7+ Nxd7 10. Nge2 cxd4 11. Bxd4 Bc5 12. Qd2 Qc7 13. f4 O-O 14. O-O Rac8
15. Kh1 b5 16. Bxc5 Nxc5 17. Nd4 Rfd8 18. Qe3 Ne4 19. Nce2 Qa5 20. Rf3 Qb4 21.
b3 g6 22. a3 Qe7 23. Rh3 f5 24. exf6 Qxf6 25. Rf3 Re8 26. Ng3 Re7 27. Nxe4 dxe4
28. Rff1 e5 29. fxe5 Qxe5 30. Rae1 Rf8 31. Rxf8+ Kxf8 32. Qh6+ Qg7 33. Rf1+ Kg8
34. Qf4 h5 35. Qe3 Kh7 36. Ne2 Qh6 37. Qc5 Qg7 38. Qg5 Re5 39. Qf4 Rf5 40. Qc1
Qe5 41. Ng3 Rxf1+ 42. Nxf1 g5 43. Qd1 Kg6 44. Kg1 Qc5+ 45. Kh1 h4 46. Qd2 h3
47. Ne3 hxg2+ 48. Kxg2 Qc6 49. Qd8 Qf6 50. Qe8+ Qf7 51. Qxf7+ Kxf7 52. Kg3 Kf6
53. c3 Bc8 54. Kf2 Ke5 55. Kg3 Be6 56. b4 Bd7 57. Nd1 Be6 58. Ne3 Kf6 59. Nd1
Ke5 60. Ne3 
1/2-1/2

[Event "Åpent Hordalandsmesterskap NGP"]
[Site "Bergen"]
[Date "2013.05.31"]
[Round "4"]
[White "Hoel, Jørgen"]
[Black "Woldseth, Ole"]
[Result "1-0"]
[WhiteElo "1846"]
[BlackElo "1994"]
[PlyCount "105"]
[EventDate "2013.??.??"]

1. e4 c6 2. d4 d5 3. Nc3 g6 4. Be3 Bg7 5. Qd2 dxe4 6. Nxe4 Nf6 7. Nxf6+ Bxf6 8.
O-O-O a5 9. Nf3 Bg4 10. Be2 O-O 11. Bh6 Re8 12. h4 Na6 13. Ne5 Bxe2 14. Qxe2
Nb4 15. h5 Qd5 16. a3 Qa2 17. axb4 Qa1+ 18. Kd2 Qxb2 19. Ke1 Qxb4+ 20. Kf1 Qd6
21. hxg6 hxg6 22. Bf4 Qe6 23. c4 Red8 24. Qd3 Bg7 25. Qg3 a4 26. Qh4 Bxe5 27.
Bxe5 Qxe5 28. Qh7+ Kf8 29. dxe5 Rxd1+ 30. Ke2 Rxh1 31. Qxh1 Kg7 32. Qb1 b5 33.
cxb5 cxb5 34. Qxb5 a3 35. Qd5 Ra7 36. Qa2 Ra5 37. Kd3 e6 38. Kc4 Ra4+ 39. Kb3
Ra5 40. Qd2 Ra8 41. Ka2 Ra7 42. Qg5 Ra8 43. f4 Ra7 44. Qd8 Ra4 45. g3 Ra7 46.
Qe8 Ra5 47. Qe7 Ra4 48. Qd7 Ra5 49. g4 Ra6 50. Qe7 Ra4 51. f5 gxf5 52. gxf5 Ra6
53. Qg5+ 
1-0

[Event "Åpent Hordalandsmesterskap NGP"]
[Site "Bergen"]
[Date "2013.05.31"]
[Round "4"]
[White "Haldorsen, Benjamin"]
[Black "Martinsen, Stig K."]
[Result "0-1"]
[WhiteElo "1900"]
[BlackElo "2135"]
[PlyCount "24"]
[EventDate "2013.??.??"]

1. e4 c5 2. Nc3 a6 3. a4 e6 4. Bc4 Nc6 5. f4 Nge7 6. e5 Nf5 7. Nf3 d5 8. exd6
Bxd6 9. d3 Qc7 10. Ne4 Bxf4 11. Nxc5 Bxc1 12. Qxc1 Qa5+ 
0-1

[Event "Åpent Hordalandsmesterskap NGP"]
[Site "Bergen"]
[Date "2013.05.31"]
[Round "4"]
[White "Andås, Kjetil"]
[Black "Dyrhovden, Sigve"]
[Result "0-1"]
[WhiteElo "1492"]
[BlackElo "1549"]
[PlyCount "84"]
[EventDate "2013.??.??"]

1. e4 d5 2. exd5 Qxd5 3. Nc3 Qa5 4. b4 Qxb4 5. Rb1 Qd6 6. Nf3 Nf6 7. d4 a6 8.
g3 g6 9. Bg2 Bg7 10. Ne5 c6 11. Bf4 Qd8 12. O-O Nd5 13. Nxd5 cxd5 14. c4 Be6
15. Rxb7 O-O 16. c5 f6 17. Rxb8 Rxb8 18. Nc6 Qe8 19. Nxb8 g5 20. Bxg5 fxg5 21.
Nxa6 Qc8 22. Nb4 Qb7 23. Qd2 Kh8 24. Re1 Bf7 25. a3 e6 26. Rd1 h6 27. Bf1 Ra8
28. Ra1 e5 29. dxe5 Bxe5 30. Re1 Bg7 31. Qc1 Rd8 32. c6 Qb6 33. Re7 Rf8 34. Ba6
Bg6 35. c7 Qxf2+ 36. Kh1 Qf3+ 37. Kg1 Bd4+ 38. Re3 Bxe3+ 39. Qxe3 Qxe3+ 40. Kg2
Be4+ 41. Kh3 g4+ 42. Kh4 Qg5# 
0-1

[Event "Åpent Hordalandsmesterskap NGP"]
[Site "Bergen"]
[Date "2013.05.31"]
[Round "4"]
[White "Sivertsen, Tom Andre"]
[Black "Rasmussen, Jonas H"]
[Result "1-0"]
[WhiteElo "1435"]
[BlackElo "1624"]
[PlyCount "89"]
[EventDate "2013.??.??"]

1. d4 Nf6 2. c4 c5 3. d5 b5 4. cxb5 a6 5. b6 Qxb6 6. Nc3 d6 7. e4 g6 8. Nf3 Bg7
9. Nd2 O-O 10. Be2 Bd7 11. O-O Bb5 12. a4 Bxe2 13. Qxe2 Nbd7 14. Nc4 Qc7 15. a5
Rab8 16. Bf4 Nh5 17. Be3 Nhf6 18. f4 Rfe8 19. f5 Nf8 20. Nb6 N8d7 21. Nc4 Nf8
22. Qf3 Rb4 23. Qe2 N6d7 24. Bf4 Reb8 25. Rf3 Ne5 26. Bxe5 Bxe5 27. fxg6 Bd4+
28. Kh1 hxg6 29. Raf1 Bf6 30. e5 dxe5 31. d6 Qc6 32. Ne4 Qd5 33. b3 Rxb3 34.
Rxf6 exd6 35. Rxd6 Qb7 36. Nf6+ Kg7 37. Qxe5 Ne6 38. Nd7+ Kg8 39. Nxb8 Qxb8 40.
Nb6 Qb7 41. Rxe6 fxe6 42. Qxe6+ Qf7 43. Qxf7+ Kh8 44. Qf8+ Kh7 45. Rf7# 
1-0

[Event "Åpent Hordalandsmesterskap NGP"]
[Site "Bergen"]
[Date "2013.05.31"]
[Round "4"]
[White "Strand, Øyvin"]
[Black "Kyrkjebø, Marte B"]
[Result "1-0"]
[WhiteElo "1811"]
[BlackElo "1568"]
[PlyCount "107"]
[EventDate "2013.??.??"]

1. d4 d5 2. Nf3 Nf6 3. b3 c6 4. Bb2 Bf5 5. e3 Nbd7 6. Nbd2 h6 7. Bd3 Bh7 8.
Bxh7 Nxh7 9. Ne5 Nxe5 10. dxe5 e6 11. O-O Be7 12. Qe2 O-O 13. e4 Re8 14. Rad1
Nf8 15. c4 d4 16. Qd3 Ng6 17. Qxd4 Qa5 18. Bc3 Bc5 19. Qd3 Nf4 20. Bxa5 Nxd3
21. Nf3 Nf4 22. g3 Ng6 23. Bc7 Rac8 24. Bd6 Bb6 25. c5 Bc7 26. Rd4 Red8 27. Ra4
a6 28. Rb4 Bxd6 29. exd6 Rd7 30. h4 f6 31. h5 Nf8 32. e5 f5 33. Nd4 Kf7 34. Rb6
Nh7 35. f4 Nf8 36. Rc1 Ke8 37. Rc4 Kd8 38. Rcb4 a5 39. Ra4 Ra8 40. b4 Kc8 41.
Rxa5 Rb8 42. b5 Rf7 43. bxc6 bxc6 44. Rxb8+ Kxb8 45. Nxc6+ Kc8 46. Ra8+ Kb7 47.
Ra7+ Kxc6 48. Rxf7 Nd7 49. Rxd7 Kxd7 50. a4 Kc6 51. a5 Kb7 52. d7 Kc7 53. c6
Kd8 54. a6 
1-0

[Event "Åpent Hordalandsmesterskap NGP"]
[Site "Bergen"]
[Date "2013.05.31"]
[Round "4"]
[White "Våge, Edvard"]
[Black "Grønnestad, Anita"]
[Result "1/2-1/2"]
[WhiteElo "1474"]
[BlackElo "1900"]
[PlyCount "101"]
[EventDate "2013.??.??"]

1. e4 e6 2. d4 d5 3. Nd2 Nf6 4. e5 Nfd7 5. Bd3 c5 6. c3 Nc6 7. Ne2 Qb6 8. Nf3
Be7 9. O-O O-O 10. Re1 cxd4 11. cxd4 f6 12. exf6 Bxf6 13. b3 e5 14. dxe5 Ndxe5
15. Nxe5 Bxe5 16. Be3 Qc7 17. Rc1 Bxh2+ 18. Kh1 Bg4 19. Qc2 h6 20. g3 Qe5 21.
Bg6 Bxe2 22. Rxe2 Bxg3 23. fxg3 Qxg3 24. Bg1 Ne5 25. Rg2 Qh3+ 26. Bh2 Rac8 27.
Qxc8 Rxc8 28. Rxc8+ Qxc8 29. Bxe5 Qh3+ 30. Bh2 d4 31. Be4 Qe6 32. Bd3 Qe3 33.
Rg3 Qc1+ 34. Bg1 Qc6+ 35. Kh2 Qd6 36. Kh3 g5 37. Bh2 Qf4 38. Bc4+ Kg7 39. a4 a6
40. Rg4 Qf3+ 41. Rg3 Qf5+ 42. Kg2 h5 43. Bg1 Qe4+ 44. Kf1 g4 45. Rd3 h4 46.
Bxd4+ Kg6 47. Bf2 Qf4 48. Rd4 Qc1+ 49. Kg2 Kg5 50. Rd5+ Kf4 51. Rd4+ 
1/2-1/2

[Event "Åpent Hordalandsmesterskap NGP"]
[Site "Bergen"]
[Date "2013.05.31"]
[Round "4"]
[White "Merkesvik, Sondre"]
[Black "Mørkedal, Øyvind"]
[Result "1-0"]
[WhiteElo "1928"]
[BlackElo "1339"]
[PlyCount "43"]
[EventDate "2013.??.??"]

1. Nf3 Nf6 2. g3 d5 3. Bg2 c5 4. O-O Nc6 5. d4 e6 6. c4 dxc4 7. Qa4 Bd7 8. Qxc4
Qb6 9. dxc5 Bxc5 10. Nc3 Ne7 11. Bg5 Rc8 12. Qd3 Ned5 13. Ne5 Bc6 14. Nxc6 bxc6
15. Na4 Qb4 16. Nxc5 Qxc5 17. Rac1 Qe7 18. e4 Nb4 19. Qc4 h6 20. Bxf6 gxf6 21.
a3 Nd5 22. exd5 
1-0

[Event "Åpent Hordalandsmesterskap NGP"]
[Site "Bergen"]
[Date "2013.05.31"]
[Round "4"]
[White "Hjortås, Olav"]
[Black "Berstad, Jørund"]
[Result "1/2-1/2"]
[WhiteElo "1435"]
[BlackElo "1679"]
[PlyCount "84"]
[EventDate "2013.??.??"]

1. d4 Nf6 2. Bg5 e6 3. e4 Be7 4. e5 Nd5 5. Bxe7 Qxe7 6. c4 Nb6 7. Nc3 a6 8. f4
d5 9. exd6 cxd6 10. Nf3 O-O 11. Bd3 N8d7 12. O-O Nf6 13. Re1 Qc7 14. b3 Nbd7
15. Rc1 b6 16. g4 Bb7 17. h3 Rac8 18. Bb1 Rfe8 19. Qd3 Nf8 20. Kf2 Ng6 21. f5
Nf4 22. Qc2 Nxh3+ 23. Kg3 Bxf3 24. Kxf3 Ng5+ 25. Kf4 h6 26. d5 exd5 27. Nxd5
Nxd5+ 28. cxd5 Rxe1 29. Qxc7 Rxc7 30. Rxe1 Kf8 31. Bd3 b5 32. Bf1 Rc2 33. a4
Rc3 34. Re3 Rc1 35. Be2 bxa4 36. bxa4 Ra1 37. Kg3 Rxa4 38. Rb3 Ne4+ 39. Kh3
Ng5+ 40. Kg3 Ne4+ 41. Kh3 Nf2+ 42. Kg3 Ne4+ 
1/2-1/2

[Event "Åpent Hordalandsmesterskap NGP"]
[Site "Bergen"]
[Date "2013.05.31"]
[Round "5"]
[White "Grønnestad, Anita"]
[Black "Kyrkjebø, Erlend"]
[Result "1/2-1/2"]
[WhiteElo "1900"]
[BlackElo "2020"]
[PlyCount "70"]
[EventDate "2013.??.??"]

1. c4 c5 2. Nc3 Nc6 3. g3 g6 4. Bg2 Bg7 5. d3 e6 6. e4 Nge7 7. Be3 d6 8. Nge2
Nd4 9. Rb1 Nec6 10. O-O Rb8 11. f4 O-O 12. a3 b5 13. cxb5 Nxb5 14. Nxb5 Rxb5
15. e5 Nd4 16. Nc3 Rb8 17. Ne4 dxe5 18. fxe5 Bxe5 19. Bh6 Re8 20. Bg5 Qb6 21.
Bf6 Bxf6 22. Nxf6+ Kf8 23. Nxe8 Kxe8 24. Kh1 Bb7 25. Qd2 Qb3 26. Rf2 Bxg2+ 27.
Rxg2 Qxa3 28. Rf1 Qb3 29. Qf4 Rb7 30. Qe5 Qxd3 31. Qh8+ Ke7 32. Qf6+ Ke8 33.
Qh8+ Ke7 34. Qf6+ Ke8 35. Qh8+ Ke7 1/2-1/2

[Event "Åpent Hordalandsmesterskap NGP"]
[Site "Bergen"]
[Date "2013.05.31"]
[Round "5"]
[White "Bue, Gunnar"]
[Black "Tjensvoll, Tore"]
[Result "0-1"]
[WhiteElo "1478"]
[BlackElo "1873"]
[PlyCount "100"]
[EventDate "2013.??.??"]

1. d4 Nf6 2. c4 e6 3. Nf3 b6 4. e3 Bb7 5. Bd3 Be7 6. O-O O-O 7. Nc3 d5 8. b3 c5
9. Bb2 Nbd7 10. Rc1 Ne4 11. cxd5 exd5 12. Ne2 Bf6 13. Ng3 g6 14. Bxe4 dxe4 15.
Nd2 Re8 16. Qg4 Bg7 17. Qe2 Qg5 18. Nc4 Ba6 19. Qc2 f5 20. Rfd1 cxd4 21. Bxd4
Bxd4 22. Rxd4 Nc5 23. b4 Ne6 24. Rdd1 Qe7 25. Qb3 Bxc4 26. Rxc4 Rad8 27. Rdc1
Rd3 28. R4c3 Red8 29. h3 Qf6 30. Qc4 Rxc3 31. Rxc3 Kg7 32. Rc1 Qe5 33. Qc2 Rd7
34. Qc8 Rd8 35. Qc2 Kh6 36. Qe2 Qd6 37. Rc2 Qxb4 38. h4 Qd6 39. h5 Qd1+ 40.
Qxd1 Rxd1+ 41. Kh2 Nc5 42. hxg6 hxg6 43. Ne2 g5 44. g3 Kh5 45. Kg2 Kg4 46. Nd4
f4 47. gxf4 gxf4 48. Nb3 Nd3 49. Rc7 Ne1+ 50. Kh2 Nf3+ 0-1

[Event "Åpent Hordalandsmesterskap NGP"]
[Site "Bergen"]
[Date "2013.05.31"]
[Round "5"]
[White "Lie, Terje"]
[Black "Nilsen, Martin"]
[Result "0-1"]
[WhiteElo "1383"]
[BlackElo "1762"]
[PlyCount "64"]
[EventDate "2013.??.??"]

1. d4 d5 2. c4 c6 3. Nc3 Nf6 4. Nf3 g6 5. cxd5 cxd5 6. Bg5 Bg7 7. Qc1 Nc6 8.
Bh6 Bxh6 9. Qxh6 Qb6 10. Qd2 Ne4 11. e3 Nxd2 12. Bb5 Nxf3+ 13. gxf3 Be6 14. Rb1
a6 15. Ba4 O-O 16. O-O Nxd4 17. exd4 Qxd4 18. Rbd1 Qf4 19. Bb3 Rfd8 20. Ne2 Qf6
21. Nd4 Bh3 22. f4 Qxf4 23. Rd3 Bxf1 24. Kxf1 Rac8 25. Ne2 Qxh2 26. Ng3 Rd6 27.
Re3 Rf6 28. Nh1 Qxh1+ 29. Ke2 d4 30. Rxe7 d3+ 31. Kxd3 Rd6+ 32. Ke3 Qe1+ 0-1

[Event "Åpent Hordalandsmesterskap NGP"]
[Site "Bergen"]
[Date "2013.05.31"]
[Round "5"]
[White "Berstad, Jørund"]
[Black "Kyrkjebø, Hanna B"]
[Result "1-0"]
[WhiteElo "1679"]
[BlackElo "1567"]
[PlyCount "109"]
[EventDate "2013.??.??"]

1. e4 e5 2. f4 d5 3. exd5 exf4 4. Qe2+ Qe7 5. d4 Qxe2+ 6. Bxe2 Bd6 7. c4 b6 8.
Nc3 Ba6 9. Ne4 Bb4+ 10. Kf1 Nd7 11. Bxf4 O-O-O 12. Nf3 Re8 13. Nfd2 Ngf6 14.
Nxf6 Nxf6 15. Rc1 Bxd2 16. Bxd2 Nxd5 17. Kf2 Nf6 18. Bf4 Re7 19. Bd3 Rhe8 20.
Rhe1 Bb7 21. Rxe7 Rxe7 22. d5 Ba6 23. b4 Nd7 24. a4 Ne5 25. Bf5+ Kd8 26. b5 Bc8
27. Bb1 Ng6 28. Bg3 Bg4 29. Bd3 Ne5 30. Bf1 Bf5 31. Rc3 f6 32. Be2 Nd7 33. d6
cxd6 34. Bxd6 Re6 35. Bb4 Re5 36. Bd6 Re6 37. Bb4 Ke8 38. a5 Kf7 39. Bf3 Be4
40. Bd1 f5 41. c5 Nxc5 42. Bxc5 bxc5 43. Bb3 Ke7 44. Bxe6 Kxe6 45. Rxc5 Kd6 46.
Rc3 g6 47. g3 Kd7 48. Ke3 Kd6 49. Rc8 Bd5 50. Kd4 Be6 51. Rc6+ Kd7 52. Rxe6
Kxe6 53. b6 axb6 54. a6 Kd7 55. a7 1-0

[Event "Åpent Hordalandsmesterskap NGP"]
[Site "Bergen"]
[Date "2013.05.31"]
[Round "5"]
[White "Martinsen, Stig K"]
[Black "Stokke, Kjetil"]
[Result "1/2-1/2"]
[WhiteElo "2135"]
[BlackElo "2347"]
[PlyCount "56"]
[EventDate "2013.??.??"]

1. d4 Nf6 2. c4 c6 3. Nf3 d5 4. Qc2 g6 5. Bf4 Bg7 6. e3 O-O 7. Nc3 c5 8. dxc5
Qa5 9. Rc1 Nc6 10. Qa4 Qxc5 11. Qb5 Qxb5 12. Nxb5 Bg4 13. Ne5 Nxe5 14. Bxe5 a6
15. Nc3 dxc4 16. Bxc4 Rac8 17. Be2 Be6 18. O-O Nd5 19. Bxg7 Kxg7 20. Ne4 Nb6
21. Nc5 Bxa2 22. Nxb7 Bc4 23. Bxc4 Nxc4 24. b4 Rb8 25. Nc5 Rxb4 26. Nxa6 Ra4
27. Nc5 Rb4 28. Na6 Ra4 1/2-1/2

[Event "Åpent Hordalandsmesterskap NGP"]
[Site "Bergen"]
[Date "2013.05.31"]
[Round "5"]
[White "Haldorsen, Benjamin"]
[Black "Hoel, Jørgen"]
[Result "1/2-1/2"]
[WhiteElo "1900"]
[BlackElo "1846"]
[PlyCount "51"]
[EventDate "2013.??.??"]

1. e4 c5 2. Nc3 g6 3. f4 Bg7 4. Nf3 Nc6 5. Bb5 Nd4 6. Bc4 e6 7. d3 Ne7 8. a4 d6
9. O-O O-O 10. Kh1 Bd7 11. Nxd4 cxd4 12. Ne2 d5 13. Bb3 dxe4 14. dxe4 Bc6 15.
Ng3 Qd7 16. f5 exf5 17. exf5 Nxf5 18. Nxf5 gxf5 19. Bg5 Rae8 20. Qh5 d3 21.
Rad1 Re2 22. Rg1 Qd4 23. Bh6 Bxh6 24. Rxd3 Qf2 25. Rg3+ Bg7 26. Rxg7+ 1/2-1/2

[Event "Åpent Hordalandsmesterskap NGP"]
[Site "Bergen"]
[Date "2013.05.31"]
[Round "5"]
[White "Dyrhovden, Sigve"]
[Black "Merkesvik, Sondre"]
[Result "0-1"]
[WhiteElo "1549"]
[BlackElo "1928"]
[PlyCount "86"]
[EventDate "2013.??.??"]

1. d4 Nf6 2. Nf3 g6 3. g3 Bg7 4. Bg2 O-O 5. O-O c5 6. d5 d6 7. Nc3 Nbd7 8. e4
Rb8 9. a4 b6 10. Re1 a6 11. Bf1 Ne8 12. Bg5 Nc7 13. Qd2 b5 14. Bh6 Nf6 15. Bxg7
Kxg7 16. axb5 axb5 17. e5 dxe5 18. Nxe5 Bb7 19. Rad1 Ncxd5 20. Bxb5 Qc7 21.
Nxd5 Bxd5 22. c4 Ba8 23. Qe3 Rbd8 24. f3 Rxd1 25. Rxd1 Rd8 26. Rxd8 Qxd8 27.
Qd3 Qa5 28. Kf2 Qa1 29. Qe2 Qh1 30. Ke3 h5 31. Bc6 Bxc6 32. Nxc6 e6 33. Ne5 Ne8
34. Nd3 Nd6 35. b3 Nf5+ 36. Kd2 Nd4 37. Qe5+ Kh7 38. Kc3 Qa1+ 39. Nb2 Qc1+ 40.
Kd3 Qc2+ 41. Ke3 Qe2+ 42. Kf4 Qxf3+ 43. Kg5 f6+ 0-1

[Event "Åpent Hordalandsmesterskap NGP"]
[Site "Bergen"]
[Date "2013.05.31"]
[Round "5"]
[White "Kyrkjebø, Marte B"]
[Black "Sivertsen, Tom Andre"]
[Result "0-1"]
[WhiteElo "1568"]
[BlackElo "1435"]
[PlyCount "58"]
[EventDate "2013.??.??"]

1. e4 g6 2. d4 Bg7 3. Nc3 e6 4. Be3 Ne7 5. f3 d5 6. Nge2 a6 7. Qd2 h5 8. O-O-O
b5 9. exd5 exd5 10. Nf4 c6 11. Bd3 Bf5 12. Rhe1 O-O 13. Bxf5 Nxf5 14. Bf2 Nd7
15. g4 hxg4 16. fxg4 Nd6 17. h4 Qa5 18. Nd3 b4 19. Nb1 Nc4 20. Qf4 Qxa2 21. h5
Nc5 22. b3 Nxd3+ 23. Rxd3 Qb2+ 24. Kd1 Qxb1+ 25. Ke2 Qxc2+ 26. Kf1 Qxd3+ 27.
Kg1 Nd2 28. Kh1 Qh3+ 29. Kg1 Nf3+ 0-1

[Event "Åpent Hordalandsmesterskap NGP"]
[Site "Bergen"]
[Date "2013.05.31"]
[Round "5"]
[White "Hølleland, Sigve"]
[Black "Våge, Edvard"]
[Result "1/2-1/2"]
[WhiteElo "1633"]
[BlackElo "1474"]
[PlyCount "130"]
[EventDate "2013.??.??"]

1. c4 Nf6 2. Nc3 e6 3. d4 Bb4 4. Bd2 c5 5. e3 b6 6. Be2 Bb7 7. Bf3 Bxf3 8. Nxf3
O-O 9. O-O d6 10. Qc2 Nbd7 11. a3 Bxc3 12. Bxc3 Rc8 13. dxc5 Nxc5 14. Ng5 e5
15. f4 e4 16. b4 Ncd7 17. Nxe4 d5 18. Bxf6 Nxf6 19. Nxf6+ Qxf6 20. c5 bxc5 21.
bxc5 Qe7 22. Qd3 Rxc5 23. Rac1 Re8 24. Rb1 h6 25. Rb3 Rec8 26. h3 Qe6 27. Rb7
Rc3 28. Qd4 Rxa3 29. Rxa7 Qxe3+ 30. Qxe3 Rxe3 31. Rd7 Rc2 32. Rf3 Rxf3 33. gxf3
Rd2 34. f5 Kf8 35. f4 Ke8 36. Ra7 Rd4 37. Ra5 Ke7 38. Kg2 Rxf4 39. Rxd5 Kf6 40.
Kg3 Rxf5 41. Rd6+ Ke5 42. Ra6 Rg5+ 43. Kh4 Kf4 44. Ra4+ Kf3 45. Ra3+ Kg2 46.
Ra2+ Kh1 47. Ra1+ Kg2 48. Ra2+ Kf3 49. Ra3+ Ke4 50. Ra4+ Kf5 51. Ra5+ Kg6 52.
Ra6+ Kf5 53. Ra5+ Ke4 54. Ra4+ Kd3 55. Ra3+ Kc4 56. Ra4+ Kb5 57. Ra5+ Kb6 58.
Ra6+ Kc7 59. Ra7+ Kd6 60. Ra6+ Ke5 61. Ra5+ Kf6 62. Ra6+ Kf5 63. Ra5+ Kg6 64.
Ra6+ Kh7 65. Rxh6+ Kxh6 1/2-1/2

[Event "Åpent Hordalandsmesterskap NGP"]
[Site "Bergen"]
[Date "2013.05.31"]
[Round "5"]
[White "Rasmussen, Jonas H"]
[Black "Hjortås, Olav"]
[Result "0-1"]
[WhiteElo "1624"]
[BlackElo "1435"]
[PlyCount "56"]
[EventDate "2013.??.??"]

1. d4 Nf6 2. c4 c5 3. d5 b5 4. cxb5 a6 5. Nc3 axb5 6. Nxb5 Qa5+ 7. Nc3 Ba6 8.
Bd2 Qb6 9. g3 g6 10. Bg2 d6 11. Nf3 Bg7 12. O-O Nbd7 13. Qc2 O-O 14. Rfe1 Ng4
15. e4 Rfb8 16. b3 c4 17. Rab1 Qxf2+ 18. Kh1 Qa7 19. h3 cxb3 20. axb3 Bd3 21.
Be3 Qxe3 22. Rxe3 Bxc2 23. hxg4 Bxb1 24. Nxb1 Ne5 25. Nxe5 Bxe5 26. Bf1 Ra1 27.
Nd2 Rd1 28. Re2 Bc3 0-1

[Event "Åpent Hordalandsmesterskap NGP"]
[Site "Bergen"]
[Date "2013.05.31"]
[Round "5"]
[White "Woldseth, Ole"]
[Black "Mørkedal, Øyvind"]
[Result "1-0"]
[WhiteElo "1994"]
[BlackElo "1339"]
[PlyCount "53"]
[EventDate "2013.??.??"]

1. d4 Nf6 2. c4 g6 3. Nc3 Bg7 4. e4 d6 5. f3 O-O 6. Bg5 Nbd7 7. Qd2 Re8 8. Nh3
e5 9. d5 Qe7 10. Nf2 a6 11. Be2 Qf8 12. O-O-O Nc5 13. g4 Bd7 14. Kb1 Reb8 15.
Nd3 b5 16. Nxc5 dxc5 17. d6 cxd6 18. Qxd6 b4 19. Qxf8+ Kxf8 20. Nd5 Nxd5 21.
Rxd5 Be6 22. Rxc5 Rc8 23. Rxc8+ Rxc8 24. Rc1 Ke8 25. c5 a5 26. Bb5+ Bd7 27. c6
1-0